Les villes françaises se terminant par "ers" - Statistiques

Statistiques générales
  • Ce quiz a été pris 154 fois
  • Le résultat moyen est 5 sur 13
Statistiques - réponses
Indice Ville % Correct
49 Angers
86%
58 Nevers
67%
86 Poitiers
60%
34 Béziers
51%
93 Aubervilliers
49%
61 Flers
40%
09 Pamiers
38%
02 Villers Cotterets
27%
54 Villers les Nancy
27%
95 Villiers le Bel
26%
94 Villiers sur Marne
26%
92 Gennevilliers
25%
27 Louviers
23%
Aucun quiz correspondant
Distribution des résultats
% des personnes avec chaque résultat
Percentile par nombre de réponses
Votre historique - résultats
Vous n’avez pas pris ce quiz